[Event "Pohár města Říčany 2018"]
[Site "Městské kulturní středisko U labutě"]
[Date "2019.08.30"]
[Round "8.33"]
[White "Strnad, Michael"]
[Black "Nentvich, Libor"]
[Result "1/2-1/2"]
[WhiteElo "1726"]
[BlackElo "1822"]
[PlyCount "0"]
[EventDate "2019.08.24"]

1. e4 c5 2. Nf3 g6 3. d4 cxd4 4. Nxd4 Nc6 5. c4 Bg7 6. Be3 Nf6 7. Nc3 d6 8. Be2
Bg4 9. f3 Bd7 10. O-O O-O 11. Qd2 a6 12. Rfc1 Rc8 13. b3 e6 14. Rd1 Ne8 15. Rac1
Qa5 16. Nxc6 Bxc6 17. Nd5 Qxd2 18. Ne7+ Kh8 19. Rxd2 Rc7 20. Nxc6 Rxc6 21. Rcd1
Bc3 22. Rd3 Bb4 23. f4 Bc5 24. Bxc5 dxc5 25. Rd7 b6 26. e5 Ng7 27. Bf3 Rcc8
28. g4 a5 29. Rb7 Rb8 30. Rdd7 Kg8 31. Kf2 h5 32. h3 Rxb7 33. Rxb7 Rd8 34. Ke3
hxg4 35. hxg4 a4 36. Rxb6 axb3 37. axb3 Rc8 38. Rc6 Rxc6 39. Bxc6 Kf8 40. Kd3
Ke7 41. Kc3 f5 42. exf6+ Kxf6 43. b4 cxb4+ 44. Kxb4 g5 45. fxg5+ Kxg5 46. Bf3
Kf4 47. Bd1 e5 48. c5 Ne6 49. c6 e4 50. Kb5 Ke5 51. Kb6 Kd6 52. g5 Ke5 53. Bg4
e3 54. c7 Nxc7 55. Kxc7 e2 56. Bxe2 Kf5 1/2-1/2